Top Ten Social Media Applications - Statistics

General Stats
  • This quiz has been taken 123 times
  • The average score is 5 of 10
Answer Stats
Hint Answer % Correct
#3: 2 Billion Instagram / WhatsApp
99%
#1: 3 Billion Facebook
95%
#4: 1.5 Billion Tiktok
91%
#9: 800 Billion Snapchat
87%
#2: 2.5 Billion Youtube
70%
#6: 1 Billion Messenger
32%
#8: 930 Billion LinkedIn
20%
#7: 950 Million Telegram
20%
#5: 1.3 Billion WeChat
19%
#10: 755 Billion Douyin
5%
No matching quizzes found
Score Distribution
Percent of People with Each Score
Percentile by Number Answered
Your Score History
You have not taken this quiz